| 000 | 00748nam a22001817a 4500 | ||
|---|---|---|---|
| 999 |
_c59415 _d59415 |
||
| 003 | Ge_BSU | ||
| 005 | 20230213171945.0 | ||
| 008 | 230213s1997 ge ||||| |||| 00| 0 geo d | ||
| 041 | _ageo | ||
| 080 | _a343.535 ლ-61 | ||
| 100 |
_aლილუაშვილი, თენგიზ _916901 |
||
| 245 |
_aგაკოტრების საქმის წარმოება სასამართლოში / _cთენგიზ ლილუაშვილი. |
||
| 264 |
_aთბილისი, _c1997. |
||
| 300 |
_a132 გვ. ; _b21 სმ. |
||
| 653 | _aგაკოტრების საქმის წარმოება სასამართლოში | ||
| 653 | _aსამართალი | ||
| 942 |
_2udc _cBK |
||